000 01351nam a2200373 a 4500
008 110706s2009 sp ||||f |||| 001 0 spa d
020 _a9788498351767
041 _aspa
092 _c616.89
_l17
_sDRO
245 _aDrogodependencias.
_bFarmacología. Patología. Psicología. Legislación /
_cPedro Lorenzo Fernández
250 _a3a ed.
260 _aBuenos Aires ; Madrid:
_bEditorial Médica Panamericana;
_c2009.
300 _a725 p.
500 _aLorenzo Fernández, P. et al. (2009). Drogodependencias Farmacología. Patología. Psicología. Legislación. (3a ed.). Buenos Aires ; Madrid : Editorial Médica Panamericana.
590 _aCompra FACIMED, Junio 2011
653 _aConceptos fundamentales en drogodependencias
653 _aOpioides
653 _aCocaína
653 _aAnfetaminas. Drogas de diseño. Otros estimulantes
653 _aCannabis
653 _aAlucinógenos
653 _aSustancias volátiles
653 _aAlcohol
653 _aBenzodiacepinas y barbitúricos
653 _aTabaco y nicotina
653 _aDrogas y embarazo
653 _aDoping
653 _aLegislación y drogas
700 1 _aLorenzo Fernandez, Pedro
_9121
700 1 _aLadero Quesada, José María
_9122
700 1 _aLeza Cerro, Juan Carlos
_9123
700 1 _aLizasoain Hernández, Ignacio
_9124
942 _2ddc
_cBK
999 _c875
_d875